000 00571 a2200217 4500
005 20260202164211.0
008 260202b |||||||| |||| 00| 0 eng d
020 _a9789386652300
_cRs. 3995.00
040 _aMAIN
082 _a570.78
_bB327
100 _aBaunthiyal, Mamta
245 _aComprehensive laboratory manual of life sciences
260 _bScientific Publishers
_c2024
_aJodhpur
300 _axix, 458
650 _aLife Sciences
650 _aMicrobiology
650 _aBiochemistry
700 _aIndu Ravi
700 _aJyoti Saxena
942 _cBK
999 _c395199
_d395199